History Quiz

Random History or Discovery Quiz
Score 0/30 Timer 04:00
7 Plays Today
First Name % Correct
Marco
97.7%
Christopher
97.3%
Vasco
76.5%
Leif
76%
Sir Francis
75.4%
Amerigo
71.9%
Sir Walter
70.9%
Jacques
70.7%
Sir Edmund
68.9%
John or Sebastian
66.7%
Ferdinand
63.9%
Henry
63.8%
Daniel
59.3%
James
59.2%
Hernán
52.7%
First Name % Correct
Meriwether
52.6%
Juan
40.6%
William
38.8%
David
34%
Thor
33.7%
Roald
31.9%
Sir Ernest
28.4%
Samuel
25%
Tenzing
24.1%
Hernando
23.1%
Robert
23%
George
19.5%
Louis
15.7%
Alexander
11.8%
Vitus
11.3%

You're not logged in!

Compare scores with friends on all Sporcle quizzes.
OR
Log In

Sporcle TV

Today on Sporcle TV


Watch our educational content, quiz creation guides, and fun videos on Sporcle TV.

Show Comments

Extras

Top Quizzes Today


Score Distribution

Paid Content

Your Account Isn't Verified!

In order to create a playlist on Sporcle, you need to verify the email address you used during registration. Go to your Sporcle Settings to finish the process.

Report this User

Report this user for behavior that violates our Community Guidelines.

Details: